LEADER 04603nam 2200745 a 450 001 9910452485403321 005 20210524222013.0 010 $a1-282-19416-X 010 $a9786612194160 010 $a3-11-019780-4 024 7 $a10.1515/9783110197808 035 $a(CKB)1000000000520858 035 $a(EBL)325634 035 $a(OCoLC)437195745 035 $a(SSID)ssj0000205721 035 $a(PQKBManifestationID)11184800 035 $a(PQKBTitleCode)TC0000205721 035 $a(PQKBWorkID)10212565 035 $a(PQKB)11458095 035 $a(MiAaPQ)EBC325634 035 $a(DE-B1597)32252 035 $a(OCoLC)853244101 035 $a(OCoLC)948655931 035 $a(DE-B1597)9783110197808 035 $a(Au-PeEL)EBL325634 035 $a(CaPaEBR)ebr10197185 035 $a(CaONFJC)MIL219416 035 $a(OCoLC)191818364 035 $a(EXLCZ)991000000000520858 100 $a20060301d2006 uy 0 101 0 $aeng 135 $aur||#|||||||| 181 $ctxt 182 $cc 183 $acr 200 10$aMorphosyntactic persistence in spoken English$b[electronic resource] $ea corpus study at the intersection of variationist sociolinguistics, psycholinguistics, and discourse analysis /$fby Benedikt Szmrecsanyi 210 $aBerlin ;$aNew York $cMouton de Gruyter$dc2006 215 $a1 online resource (264 p.) 225 1 $aTrends in linguistics. Studies and monographs, x 1861-4302 ;$v177 300 $aDescription based upon print version of record. 311 0 $a3-11-019012-5 320 $aIncludes bibliographical references (p. [227]-242) and index. 327 $tFront matter --$tContents --$tChapter 1 Introduction --$tChapter 2 Previous research on persistence phenomena --$tChapter 3 Method and data --$tChapter 4 Persistence in comparison strategy choice --$tChapter 5 Persistence in genitive choice --$tChapter 6 Persistence in future marker choice --$tChapter 7 Persistence in particle placement --$tChapter 8 Persistence in complementation strategy choice --$tChapter 9 Discussion of findings --$tChapter 10 Conclusion --$tBack matter 330 $aLanguage users are creatures of habit with a tendency to re-use morphosyntactic material that they have produced or heard before. In other words, linguistic patterns and tokens, once used, persist in discourse. The present book is the first large-scale corpus analysis to explore the determinants of this persistence, drawing on regression analyses of a variety of functional, discourse-functional, cognitive, psycholinguistic, and external factors. The case studies investigated include the alternation between synthetic and analytic comparatives, between the s-genitive and the of-genitive, between gerundial and infinitival complementation, particle placement, and future marker choice in a number of corpora sampling different spoken registers and geographical varieties of English. Providing a probabilistic framework for examining the ways in which persistence - among several other internal and external factors - influences speakers' linguistic choices, the book departs from most writings in the field in that it seeks to bridge several research traditions. While it is concerned, in a classically variationist spirit, with internal and external determinants of grammatical variation in English, it also draws heavily on ideas and evidence developed by psycholinguists and discourse analysts. In seeking to construct a comprehensive model of how speakers make linguistic choices, the study ultimately contributes to a theory of how spoken language works. The book is of interest to graduate students and researchers in variationist sociolinguistics, probabilistic linguistics, psycholinguistics, and computational linguistics. 410 0$aTrends in linguistics.$pStudies and monographs ;$v177. 606 $aEnglish language$xMorphology 606 $aEnglish language$xSyntax 606 $aEnglish language$xDiscourse analysis 606 $aEnglish language$xGrammar 606 $aEnglish language$xVariation 608 $aElectronic books. 615 0$aEnglish language$xMorphology. 615 0$aEnglish language$xSyntax. 615 0$aEnglish language$xDiscourse analysis. 615 0$aEnglish language$xGrammar. 615 0$aEnglish language$xVariation. 676 $a425/.9 700 $aSzmrecsanyi$b Benedikt$f1976-$0849858 801 0$bMiAaPQ 801 1$bMiAaPQ 801 2$bMiAaPQ 906 $aBOOK 912 $a9910452485403321 996 $aMorphosyntactic persistence in spoken English$92453063 997 $aUNINA LEADER 03110nam 2200661 a 450 001 9910778566403321 005 20230809201446.0 010 $a1-4462-2890-8 010 $a9786612337260 010 $a0-7619-4015-4 010 $a1-282-33726-2 010 $a1-84787-642-0 035 $a(CKB)1000000000807597 035 $a(EBL)465109 035 $a(OCoLC)879074079 035 $a(SSID)ssj0000289134 035 $a(PQKBManifestationID)11254995 035 $a(PQKBTitleCode)TC0000289134 035 $a(PQKBWorkID)10381869 035 $a(PQKB)10445336 035 $a(MiAaPQ)EBC465109 035 $a(OCoLC)565950130 035 $a(StDuBDS)EDZ0000084935 035 $a(Au-PeEL)EBL465109 035 $a(CaPaEBR)ebr10348614 035 $a(CaONFJC)MIL233726 035 $a(EXLCZ)991000000000807597 100 $a20120516d2002 fy 0 101 0 $aeng 135 $aur||||||||||| 181 $ctxt$2rdacontent 182 $cc$2rdamedia 183 $acr$2rdacarrier 200 10$aArms control $ethe new guide to negotiations and agreements /$fJozef Goldblat 205 $aFully rev. and updated 2nd ed. 210 1$aLos Angeles ;$aLondon :$cSAGE,$d2002. 215 $a1 online resource (xliii, 396 pages) $cill., maps 300 $aDescription based upon print version of record. 311 0 $a1-4462-1494-X 311 0 $a0-7619-4016-2 320 $aIncludes bibliographical references and index. 327 $aCover; Contents; Foreword; Preface; Acronyms; Glossary; Part 1 : Analytical Survey; 1 - Basic Concepts; 2 - Historical Overview; 3 - The United Nations; 4 - Nuclear-Weapon Explosions; 5 - Nuclear Arms Limitation; 6 - Nuclear-Weapon Proliferation; 7 - Proposals for the Abolition of Nuclear Weapons; 8 - Chemical and Biological Weapons; 9 - Environmental and Radiological Weapons; 10 - Outer Space and Celestial Bodies; 11 - The Sea Environment; 12 - Demilitarized Areas; 13 - Denuclearized Zones; 14 - Conventional Arms Control; 15 - Constraints on Conventional Arms and Technology Transfers 327 $a16 - Confidence Building in Europe, Asia and the Americas 17 - Restrictions on the Methods of Warfare; 18 - Prevention of Accidental War; 19 - Verification and Compliance; 20 - Concluding Remarks; Appendix; Select Bibliography; About the Author; Index 330 8 $aThe revised and updated edition of 'Arms control: the new guide to negotiations and agreements' contains the most authoritative and comprehensive survey ever published of the documents related to arms control. All major agreements reached since the second half of the nineteenth century through to mid-2002 are critically analysed and assessed. 606 $aArms control 606 $aDisarmament 606 $aArms transfers$xLaw and legislation 615 0$aArms control. 615 0$aDisarmament. 615 0$aArms transfers$xLaw and legislation. 676 $a341.733 700 $aGoldblat$b Jozef$0310537 801 0$bStDuBDS 801 1$bStDuBDS 906 $aBOOK 912 $a9910778566403321 996 $aArms control$93756477 997 $aUNINA LEADER 01346nas 2200493- 450 001 996455452203316 005 20231007213020.0 011 $a2643-8909 035 $a(DE-599)ZDB3041446-5 035 $a(OCoLC)1102397974 035 $a(CKB)4100000009276996 035 $a(CONSER)--2019201338 035 $a(EXLCZ)994100000009276996 100 $a20190524a20209999 --- a 101 0 $aeng 135 $aur||||||||||| 181 $ctxt$2rdacontent 182 $cc$2rdamedia 183 $acr$2rdacarrier 200 00$aAging and cancer 210 1$aHoboken, New Jersey :$cWiley Periodicals Inc.,$d2020- 300 $aRefereed/Peer-reviewed 531 0 $aAging cancer 606 $aCancer$xAge factors$vPeriodicals 606 $aAging 606 $aMedical Oncology 606 $aAged 606 $aHumans 606 $aCancer$xAge factors$2fast$3(OCoLC)fst00845319 608 $aPeriodicals.$2fast 615 0$aCancer$xAge factors 615 12$aAging 615 12$aMedical Oncology 615 02$aAged 615 02$aHumans 615 7$aCancer$xAge factors. 676 $a616.994 702 $aDeGregori$b James 712 02$aJohn Wiley & Sons. 712 02$aSamuel Waxman Cancer Research Foundation, 906 $aJOURNAL 912 $a996455452203316 996 $aAging and cancer$92586445 997 $aUNISA LEADER 02440oas 2200949 a 450 001 9910143932303321 005 20251023213013.0 011 $a2326-3016 035 $a(DE-599)ZDB2063944-2 035 $a(OCoLC)48537235 035 $a(CONSER) 2001227403 035 $a(CKB)954925522695 035 $a(EXLCZ)99954925522695 100 $a20011205a19729999 uy a 101 0 $aeng 135 $auran||||||||| 181 $ctxt$2rdacontent 182 $cc$2rdamedia 183 $acr$2rdacarrier 200 14$aThe international journal of African historical studies 210 $aNew York $cAfricana Pub. Co.$d1972- 300 $aTitle from title screen (viewed Dec. 5, 2001). 300 $aPublished: Boston, Mass. : African Studies Center, Boston University, 1982- 311 08$a0361-7882 606 $aHistòria$2thub 607 $aAfrica$xHistory$vPeriodicals 607 $aAfrique$xHistoire$vPe?riodiques 607 $aAfryka$2dbn 607 $aAfrica$2fast$1https://id.oclc.org/worldcat/entity/E39PBJkHrMyfHC67yqRTycbrv3 607 $aAfrica$xHistory$xPeriodicals$2fssh 607 $aÀfrica$2thub 608 $aCzasopismo historyczne.$2dbn 608 $aHistory.$2fast 608 $aPeriodicals.$2fast 608 $aPeriodicals.$2lcgft 608 $aRevistes electròniques.$2thub 608 $aperiodicals.$2aat 608 $aPe?riodiques.$2rvmgf 610 0$aAfrika 610 4$aGeschichte 610 6$aZeitschrift 610 6$aOnline-Publikation 615 7$aHistòria. 676 $a960/.05 712 02$aBoston University.$bAfrican Studies Center. 801 0$bEYM 801 1$bEYM 801 2$bOCLCQ 801 2$bNSD 801 2$bWEA 801 2$bOCLCQ 801 2$bDLC 801 2$bOCLCQ 801 2$bOCLCF 801 2$bOCLCQ 801 2$bDEBBG 801 2$bGILDS 801 2$bOCLCO 801 2$bVT2 801 2$bCEF 801 2$bOCLCO 801 2$bRDF 801 2$bQGK 801 2$bIOY 801 2$bDYJ 801 2$bOCLCQ 801 2$bUAB 801 2$bOCLCL 801 2$bSXB 801 2$bNTG 801 2$bOCLCE 801 2$bFJM 801 2$bFIE 801 2$bWT2 801 2$bBRL 801 2$bSFB 801 2$bVLY 801 2$bAU@ 906 $aJOURNAL 912 $a9910143932303321 996 $aInternational journal of African historical studies$9793599 997 $aUNINA